000 00541nam a2200181Ia 4500
005 20250326141955.0
008 250326s9999 xx 000 0 und d
037 _aTextbook
040 _aFMSL
_beng
_cFMSL
041 _aeng
_2eng
084 _aX9W M7
_qFMSL
100 _aS C O P E
_9745380
245 0 _aTop management personnel of public enterprises
_cS C O P E
260 _aNew Delhi
_bNew Delhi, Standing Conference of Public Enterprises
_c1987
300 _axix,782
942 _cTB
_hX9W M7
999 _c1292860
_d1292860